Statystyki dla Jedyne Europejskie państwo... #2

Kliknij tutaj aby rozwiązać quiz!

Ogólne statystyki

  • Ten quiz został rozwiązany 639 razy
    (594 od ostatniego zresetowania)
  • Średni wynik to 12 z 15

Statystyki odpowiedzi

Jedyne europejskie państwo...Odpowiedź% Poprawnych
na literę EEstonia
96%
które sąsiaduje z DaniąNiemcy
96%
które MEGA lubi rosjęBiałoruś
95%
które sąsiaduje i z Polską i z NiemcamiCzechy
94%
które ma oficjalne (kontynentalne) tereny w Ameryce południowejFrancja
93%
które ma tereny w AfryceHiszpania
90%
nazywane stolicą apostolskąWatykan
86%
(oprócz Dani i Mołdawii ) które ma stolice na kUkraina
85%
które ma 2 wyspy na Morzu Śródziemnym powyżej 20000 kilometrów kwadratowychWłochy
82%
graniczące z Słowenią i Serbią z dostępem do AdiatykuChorwacja
73%
które po za norwegią ma dostęp do Morza NorweskiegoIslandia
70%
w którym po 2005 roku powstało nowe państwoSerbia
66%
z zaludnieniem na kilometr powyżej 15000 osóbMonako
59%
sąsiadujące z Rosją które nie chce wejść do uniiNorwegia
41%
którego stolica kończy się na gLuksemburg
36%

Rozkład punktacji

Percentyl według liczby udzielonych odpowiedzi

Procent ludzi z każdym wynikiem

Twoja historia wyników

Nie rozwiązałeś tego quizu od ostatniego zresetowania